Produktivita a inovácie v širších súvislostiach
Spätný pohľad na vývoj hospodárskych, politických a spoločenských zmien na konci 20. storočia. Zmeny, prebiehajúce v mnohých oblastiach, zmeny paradigiem. Vývoj niektorých podnikových konceptov. Zvyšovanie produktivity ako nevyhnutná súčasť zvyšovania konkurencieschopnosti slovenských podnikov. Nové...
Saved in:
| Main Author: | |
|---|---|
| Other Authors: | |
| Format: | Book Chapter |
| Language: | Slovak |
| Subjects: | |
| Tags: |
No Tags, Be the first to tag this record!
|
MARC
| LEADER | 00000naa a2200000 4500 | ||
|---|---|---|---|
| 001 | r043904 | ||
| 005 | 20231002121052.7 | ||
| 041 | 0 | |a slo | |
| 044 | |a SK | ||
| 245 | 1 | 0 | |a Produktivita a inovácie v širších súvislostiach |c Hans Jürgen Warnecke, Ján Košturiak |
| 520 | |a Spätný pohľad na vývoj hospodárskych, politických a spoločenských zmien na konci 20. storočia. Zmeny, prebiehajúce v mnohých oblastiach, zmeny paradigiem. Vývoj niektorých podnikových konceptov. Zvyšovanie produktivity ako nevyhnutná súčasť zvyšovania konkurencieschopnosti slovenských podnikov. Nové formy organizácie podnikov, postavené na ľudskej zodpovednosti - fraktálové organizácie. Trendy vo svete - globalizácia. Ako sa vyrovnať s týmito zmenami, ktoré prináša globalizácia. | ||
| 610 | 2 | 0 | |a inovácia |
| 610 | 2 | 0 | |a reorganizácia |
| 610 | 2 | 0 | |a zmeny organizačné |
| 610 | 2 | 0 | |a zmeny štruktúrne |
| 610 | 2 | 0 | |a zmeny technologické |
| 610 | 2 | 0 | |a globalizácia |
| 610 | 2 | 0 | |a podnik fraktálový |
| 610 | 2 | 0 | |a zvyšovanie produktivity |
| 610 | 2 | 0 | |a revolúcia priemyselná |
| 610 | 2 | 0 | |a faktory produktivity práce |
| 610 | 2 | 0 | |a konkurencieschopnosť |
| 610 | 2 | 0 | |a konkurencia medzinárodná |
| 610 | 2 | 0 | |a formy organizačné nadpodnikové |
| 100 | 1 | |a Warnecke, Hans Jürgen | |
| 700 | 1 | |a Košturiak, Ján | |